[Event "Treviglio Province-ch"]
[Site "Treviglio"]
[Date "2014.01.19"]
[Round "2"]
[White "Rossetti, Dario"]
[Black "Ranfagni, Stefano"]
[Result "0-1"]
[WhiteElo "1431"]
[BlackElo "2005"]
[PlyCount "92"]
[EventDate "2014.01.18"]
[EventType "swiss"]
[EventRounds "6"]
[EventCountry "ITA"]
[SourceTitle "EXT 2016"]
[Source "ChessBase"]
[SourceDate "2015.10.08"]
[SourceVersion "1"]
[SourceVersionDate "2015.10.08"]
[SourceQuality "1"]

1. d4 e6 2. Nf3 f5 3. Nc3 Nf6 4. Bd2 d5 5. Ne5 Nbd7 6. e3 Nxe5 7. dxe5 Ne4 8. Bd3 Bd7 9. 0-0 Nxd2 10. Qxd2 Bc6 11. Bb5 Bxb5 12. Nxb5 c6 13. Nc3 Qc7 14. f4 0-0-0 15. Ne2 Qb6 16. c3 Be7 17. Kh1 h5 18. a4 c5 19. Rfb1 h4 20. b4 cxb4 21. cxb4 h3 22. g3 Kb8 23. Qd4 Qxd4 24. Nxd4 Rh6 25. b5 Bc5 26. a5 Rc8 27. Rb3 Bxd4 28. exd4 Rc4 29. Rd1 Rh8 30. b6 a6 31. Rg1 Rxd4 32. Rc3 Rc8 33. Rc7 Rxc7 34. bxc7+ Kxc7 35. Rc1+ Rc4 36. Rb1 d4 37. Kg1 d3 38. Rd1 Rd4 39. Kf2 d2 40. Ke2 Kc6 41. Rxd2 Rxd2+ 42. Kxd2 Kb5 43. Ke3 Kxa5 44. Kf3 b5 45. g4 g6 46. gxf5 gxf5 0-1